F1 drivers who won 5 GP consecutively - Statistics

General Stats
  • This quiz has been taken 8 times
  • The average score is 8 of 10
Answer Stats
Most races won
consecutively
Season(s) Driver % Correct
5 2014 Lewis Hamilton
100%
10 2023 Max Verstappen
100%
7 2004 Michael Schumacher
100%
5 2026 Kimi Antonelli
83%
7 2015-2016 Nico Rosberg
83%
5 1992 Nigel Mansell
83%
9 1952-1953 Alberto Ascari
67%
5 1965 Jim Clark
67%
9 2013 Sebastian Vettel
67%
5 1960 Jack Brabham
50%
No matching quizzes found
Score Distribution
Percent of People with Each Score
Percentile by Number Answered
Your Score History
You have not taken this quiz